[Event "Nikaia op 31st"]
[Site "Nikaia"]
[Date "2024.09.08"]
[Round "8"]
[White "Poupalos, Nikolaos"]
[Black "Santorinaios, Iakovos"]
[Result "1-0"]
[WhiteElo "2238"]
[BlackElo "1892"]
[PlyCount "91"]
[EventDate "2024.09.01"]
[EventType "swiss"]
[EventRounds "9"]
[EventCountry "GRE"]
[SourceTitle "EXT 2025"]
[Source "ChessBase"]
[SourceDate "2024.10.14"]
[SourceVersion "1"]
[SourceVersionDate "2024.10.14"]
[SourceQuality "1"]

1. e4 c5 2. Nf3 g6 3. c4 Nc6 4. d4 cxd4 5. Nxd4 Bg7 6. Be3 Nf6 7. Nc3 Ng4 8. Qxg4 Nxd4 9. Qd1 e5 10. Bd3 0-0 11. 0-0 d6 12. a4 a6 13. Nd5 Be6 14. a5 Bxd5 15. exd5 f5 16. f4 Qc7 17. b4 Rfe8 18. Rc1 b6 19. fxe5 Bxe5 20. axb6 Qxb6 21. c5 dxc5 22. bxc5 Qf6 23. Bf4 a5 24. d6 Kg7 25. Kh1 a4 26. Bxe5 Qxe5 27. d7 Red8 28. c6 Nxc6 29. Rxc6 Rxd7 30. Qe2 Qd5 31. Bb5 Ra5 32. Rb6 Rda7 33. Qb2+ Kh6 34. Rf3 Qd1+ 35. Bf1 Rf7 36. Qc3 Rd5 37. Rb4 Qd2 38. Rh3+ Kg5 39. Qg3+ Kf6 40. Rb6+ Kg7 41. Rxh7+ Kf8 42. Rxf7+ Kxf7 43. Qxg6+ Ke7 44. Qg7+ Ke8 45. Rb8+ Rd8 46. Bb5+ 1-0

[Event "Nikaia op 31st"]
[Site "Nikaia"]
[Date "2024.09.01"]
[Round "1"]
[White "Armaos, Michail"]
[Black "Poupalos, Nikolaos"]
[Result "1-0"]
[WhiteElo "1796"]
[BlackElo "2238"]
[PlyCount "57"]
[EventDate "2024.09.01"]
[EventType "swiss"]
[EventRounds "9"]
[EventCountry "GRE"]
[SourceTitle "EXT 2025"]
[Source "ChessBase"]
[SourceDate "2024.10.14"]
[SourceVersion "1"]
[SourceVersionDate "2024.10.14"]
[SourceQuality "1"]

1. d4 Nf6 2. Nf3 d5 3. e3 c5 4. b3 Nc6 5. Bd3 e6 6. 0-0 Be7 7. Bb2 0-0 8. Nbd2 b6 9. Ne5 Nxe5 10. dxe5 Nd7 11. f4 Bb7 12. Qg4 Qc7 13. Rf3 g6 14. Rg3 c4 15. bxc4 Nc5 16. Rc1 Ne4 17. Bxe4 dxe4 18. h4 Bb4 19. Nb3 Qxc4 20. h5 Be7 21. Nd4 Bc5 22. f5 exf5 23. Nxf5 Qe6 24. hxg6 hxg6 25. Rf1 Bc8 26. Qg5 Qxa2 27. Qh6 Bxf5 28. Rxf5 Bxe3+ 29. Qxe3 1-0

[Event "Titled Tuesday intern op 06th Aug Early"]
[Site "Chess.com INT"]
[Date "2024.08.06"]
[Round "11"]
[White "Ivanisevic, Ivan"]
[Black "Poupalos, Nikolaos"]
[Result "0-1"]
[WhiteElo "2521"]
[BlackElo "2275"]
[PlyCount "126"]
[EventDate "2024.08.06"]
[EventType "swiss (blitz)"]
[EventRounds "11"]
[EventCountry "USA"]
[SourceTitle "EXT 2025"]
[Source "ChessBase"]
[SourceDate "2024.10.14"]
[SourceVersion "1"]
[SourceVersionDate "2024.10.14"]
[SourceQuality "1"]

1. d4 Nf6 2. c4 e6 3. Nc3 d5 4. Bg5 Be7 5. e3 h6 6. Bxf6 Bxf6 7. Nf3 0-0 8. Rc1 c6 9. Bd3 Nd7 10. 0-0 dxc4 11. Bxc4 Nb6 12. Bb3 Nd5 13. Ne4 a5 14. a3 Be7 15. Qc2 Nf6 16. Ned2 c5 17. dxc5 Bd7 18. Ne5 a4 19. Ba2 Qb8 20. Ndf3 Rc8 21. Qd3 Be8 22. Qd4 Ra5 23. Nd3 Nd7 24. Qc3 Ra8 25. Qd4 Ra5 26. Qc3 Ra8 27. Qd4 Bf6 28. Qe4 Qa7 29. Nd4 Nxc5 30. Nxc5 Rxc5 31. Nxe6 Re5 32. Qg4 Bd7 33. Qd4 Bxe6 34. Qxa7 Rxa7 35. Bxe6 Rxe6 36. Rc8+ Kh7 37. Rd1 Bxb2 38. Rd7 Rc6 39. Rxc6 Ra8 40. Rcc7 Bxa3 41. g3 Bb2 42. Rxb7 a3 43. Ra7 Rf8 44. Kg2 f5 45. h4 Rc8 46. h5 Rc2 47. Kf3 Bc1 48. Rf7 Bb2 49. Rxf5 Rc6 50. Rfa5 Rc3 51. Kg2 Rb3 52. g4 Bc1 53. Kf3 Bb2 54. Rd7 Rb6 55. Raa7 Rf6+ 56. Ke2 Rc6 57. f4 Rc2+ 58. Kf3 Rc5 59. e4 Rc3+ 60. Ke2 Rc2+ 61. Kd3 Rc3+ 62. Ke2 Rc5 63. e5 a2 0-1

[Event "Titled Tuesday intern op 06th Aug Late"]
[Site "Chess.com INT"]
[Date "2024.08.06"]
[Round "6"]
[White "Ladan, Nicholas John"]
[Black "Poupalos, Nikolaos"]
[Result "1-0"]
[WhiteElo "2189"]
[BlackElo "2275"]
[PlyCount "99"]
[EventDate "2024.08.06"]
[EventType "swiss (blitz)"]
[EventRounds "11"]
[EventCountry "USA"]
[SourceTitle "EXT 2025"]
[Source "ChessBase"]
[SourceDate "2024.10.14"]
[SourceVersion "1"]
[SourceVersionDate "2024.10.14"]
[SourceQuality "1"]

1. d4 Nf6 2. Nc3 d5 3. Bf4 Bf5 4. e3 e6 5. Nf3 Bd6 6. Ne5 0-0 7. g4 Bxe5 8. dxe5 Nxg4 9. f3 Nh6 10. h4 Kh8 11. Bxh6 gxh6 12. e4 dxe4 13. fxe4 Qxd1+ 14. Rxd1 Bg4 15. Rd2 Nc6 16. Rd7 Nxe5 17. Rxc7 a6 18. Rxb7 Rab8 19. Rb3 Rxb3 20. axb3 Rc8 21. Bxa6 Ra8 22. Be2 Ra1+ 23. Bd1 Bf3 24. 0-0 Bxd1 25. Rxd1 Rxd1+ 26. Nxd1 Nf3+ 27. Kf2 Nxh4 28. b4 Ng6 29. b5 Ne5 30. b6 Kg8 31. c4 Kf8 32. b7 Nc6 33. b4 Ke7 34. b5 Nb8 35. c5 Kd7 36. e5 Kc7 37. c6 Kb6 38. Ne3 Kc7 39. Nc4 h5 40. Kg3 Kd8 41. Kh4 Kc7 42. Kxh5 Kd8 43. Kh6 Kc7 44. Kxh7 Kd8 45. Kg7 Kc7 46. Kxf7 Kd8 47. Kxe6 Kc7 48. Kd5 Kd8 49. Kd6 Nxc6 50. bxc6 1-0

[Event "Titled Tuesday intern op 06th Aug Late"]
[Site "Chess.com INT"]
[Date "2024.08.06"]
[Round "3"]
[White "Osmak, Iulija"]
[Black "Poupalos, Nikolaos"]
[Result "1-0"]
[WhiteElo "2471"]
[BlackElo "2275"]
[PlyCount "95"]
[EventDate "2024.08.06"]
[EventType "swiss (blitz)"]
[EventRounds "11"]
[EventCountry "USA"]
[SourceTitle "EXT 2025"]
[Source "ChessBase"]
[SourceDate "2024.10.14"]
[SourceVersion "1"]
[SourceVersionDate "2024.10.14"]
[SourceQuality "1"]

1. d4 Nf6 2. Nf3 e6 3. Bg5 d5 4. Nbd2 Nbd7 5. e3 h6 6. Bh4 Be7 7. Bd3 0-0 8. c3 c5 9. Ne5 Nxe5 10. dxe5 Nd7 11. Bxe7 Qxe7 12. f4 b5 13. Bxb5 Rb8 14. Bxd7 Bxd7 15. b3 Qh4+ 16. g3 Qh3 17. Kf2 Bc6 18. Qf1 Qf5 19. Qe2 f6 20. exf6 Qxf6 21. Rhc1 Rbe8 22. Kg1 e5 23. Qf2 exf4 24. exf4 d4 25. cxd4 cxd4 26. Re1 Ba8 27. Qf1 Qc6 28. Qc4+ Qd5 29. Kf2 Rc8 30. Qxd5+ Bxd5 31. Rac1 Kf7 32. Nf3 Bxf3 33. Kxf3 Kf6 34. Ke4 Rfd8 35. Rxc8 Rxc8 36. Re2 Rd8 37. Kd3 Rc8 38. Kxd4 Kf5 39. Re7 g6 40. Rxa7 Rc2 41. b4 Rxh2 42. b5 Rb2 43. a4 Kg4 44. Ra6 Kxg3 45. Rxg6+ Kxf4 46. Rxh6 Rb4+ 47. Kc5 Rxa4 48. Rh4+ 1-0

[Event "Titled Tuesday intern op 06th Aug Early"]
[Site "Chess.com INT"]
[Date "2024.08.06"]
[Round "5"]
[White "Poupalos, Nikolaos"]
[Black "Antunez, Soler Luis"]
[Result "1/2-1/2"]
[WhiteElo "2275"]
[BlackElo "2200"]
[PlyCount "109"]
[EventDate "2024.08.06"]
[EventType "swiss (blitz)"]
[EventRounds "11"]
[EventCountry "USA"]
[SourceTitle "EXT 2025"]
[Source "ChessBase"]
[SourceDate "2024.10.14"]
[SourceVersion "1"]
[SourceVersionDate "2024.10.14"]
[SourceQuality "1"]

1. e4 e6 2. d4 d5 3. Nc3 Nf6 4. e5 Nfd7 5. f4 c5 6. Nf3 Nc6 7. Be3 a6 8. Qd2 b5 9. dxc5 Bxc5 10. Ne2 Qb6 11. Bxc5 Nxc5 12. Ned4 Ne4 13. Qe3 Bb7 14. Bd3 Rc8 15. 0-0 0-0 16. h4 f5 17. exf6 Rxf6 18. c3 b4 19. Rac1 bxc3 20. bxc3 Na5 21. Ng5 Nc4 22. Bxc4 Rxc4 23. Rb1 Qa7 24. Rb3 h6 25. Nxe4 dxe4 26. Nf5 Qxe3+ 27. Nxe3 Rc7 28. c4 Bc6 29. Rb6 a5 30. Ng4 Rf5 31. Ne5 Be8 32. Rxe6 Ba4 33. Re1 Bc2 34. c5 Rxc5 35. g3 Rf8 36. Rc6 Rxc6 37. Nxc6 a4 38. Nd4 Bd3 39. Kf2 Rb8 40. Ke3 Rb2 41. a3 Ra2 42. Rd1 Rxa3 43. Kf2 Ra2+ 44. Ke3 a3 45. Rd2 Rxd2 46. Kxd2 a2 47. Nb3 Kf7 48. Kc3 Kg6 49. Kd4 Kf5 50. Ke3 Kg4 51. Kf2 Bc4 52. Na1 Bd3 53. Nb3 Kh3 54. Na1 Kg4 55. Nb3 1/2-1/2

[Event "Titled Tuesday intern op 06th Aug Early"]
[Site "Chess.com INT"]
[Date "2024.08.06"]
[Round "2"]
[White "Poupalos, Nikolaos"]
[Black "Breuil, Virgile"]
[Result "1/2-1/2"]
[WhiteElo "2275"]
[BlackElo "2251"]
[PlyCount "169"]
[EventDate "2024.08.06"]
[EventType "swiss (blitz)"]
[EventRounds "11"]
[EventCountry "USA"]
[SourceTitle "EXT 2025"]
[Source "ChessBase"]
[SourceDate "2024.10.14"]
[SourceVersion "1"]
[SourceVersionDate "2024.10.14"]
[SourceQuality "1"]

1. e4 e5 2. Nc3 Nc6 3. Bc4 Nf6 4. d3 Be7 5. Nge2 0-0 6. a3 a6 7. 0-0 b5 8. Bb3 Bb7 9. f4 exf4 10. Nxf4 Nd4 11. Ba2 c5 12. Be3 Re8 13. Bxd4 cxd4 14. Ncd5 Rc8 15. Nxf6+ Bxf6 16. Bd5 Bxd5 17. Nxd5 Bg5 18. Qf3 Rf8 19. Rf2 Rc5 20. Qg3 Rxd5 21. exd5 Be3 22. Kh1 Bxf2 23. Qxf2 Qb6 24. Rf1 Qc5 25. Re1 Qxd5 26. Re4 Qa2 27. Rxd4 Qa1+ 28. Qg1 Qxb2 29. Rxd7 Qxc2 30. h3 a5 31. Qd4 h6 32. Kh2 Qc1 33. Rb7 Qxa3 34. Rxb5 Re8 35. Qd5 a4 36. Ra5 Re6 37. Qd4 Rd6 38. Rxa4 Rxd4 39. Rxa3 Kh7 40. Kg3 Kg6 41. Kf3 Kf5 42. Ke3 Rd8 43. Ra5+ Ke6 44. Ke4 Rb8 45. Ra6+ Ke7 46. Ra7+ Kf6 47. Ra6+ Kg5 48. g3 f5+ 49. Ke3 Re8+ 50. Kf3 Rd8 51. Ke3 Rf8 52. Ra1 Rb8 53. Rd1 Kf6 54. Rd2 Ke5 55. Kf3 Rb3 56. h4 g5 57. hxg5 hxg5 58. Ke3 Ra3 59. Rb2 f4+ 60. gxf4+ gxf4+ 61. Ke2 Ra4 62. Rb5+ Kd4 63. Rb2 Ra5 64. Rb4+ Kc3 65. Rxf4 Re5+ 66. Re4 Rxe4+ 67. dxe4 Kd4 68. Kf3 Ke5 69. Ke3 Ke6 70. Kd4 Kd6 71. Kc4 Ke5 72. Kd3 Ke6 73. Kd4 Kd6 74. Ke3 Ke5 75. Kf3 Ke6 76. Kf4 Kf6 77. e5+ Ke6 78. Ke4 Ke7 79. Kf5 Kf7 80. Ke4 Ke6 81. Kf4 Ke7 82. Kf5 Kf7 83. Kg5 Ke6 84. Kf4 Ke7 85. Kf5 1/2-1/2

[Event "Titled Tuesday intern op 06th Aug Late"]
[Site "Chess.com INT"]
[Date "2024.08.06"]
[Round "5"]
[White "Poupalos, Nikolaos"]
[Black "Rangel, Daniel"]
[Result "1-0"]
[WhiteElo "2275"]
[BlackElo "2198"]
[PlyCount "129"]
[EventDate "2024.08.06"]
[EventType "swiss (blitz)"]
[EventRounds "11"]
[EventCountry "USA"]
[SourceTitle "EXT 2025"]
[Source "ChessBase"]
[SourceDate "2024.10.14"]
[SourceVersion "1"]
[SourceVersionDate "2024.10.14"]
[SourceQuality "1"]

1. e4 c5 2. Nf3 g6 3. d4 cxd4 4. Nxd4 Bg7 5. c4 Nc6 6. Be3 Nf6 7. Nc3 0-0 8. Be2 Nxd4 9. Bxd4 d6 10. 0-0 Bd7 11. b3 Bc6 12. f3 Nd7 13. f4 a5 14. a4 Nc5 15. Bxg7 Kxg7 16. Bf3 Qb6 17. Qd4+ f6 18. Rab1 Ra6 19. Kh1 Rd8 20. Nb5 Bxb5 21. axb5 Raa8 22. Qc3 e5 23. fxe5 fxe5 24. Bg4 Rf8 25. Qe3 Qc7 26. Rbd1 b6 27. Bf3 Ne6 28. Bg4 Nd4 29. h3 Rxf1+ 30. Rxf1 Qe7 31. Rd1 Rf8 32. Rxd4 Rf1+ 33. Kh2 exd4 34. Qxd4+ Qe5+ 35. Qxe5+ dxe5 36. c5 bxc5 37. b6 Rf8 38. b7 Rb8 39. Bc8 Kf6 40. Kg3 Ke7 41. Kf3 c4 42. bxc4 a4 43. c5 a3 44. c6 Kd8 45. Be6 Kc7 46. Bd5 Rd8 47. Kg4 h6 48. h4 h5+ 49. Kg5 Rf8 50. Kxg6 Rf2 51. Kxh5 a2 52. Bxa2 Rxa2 53. g4 Rb2 54. g5 Kxc6 55. g6 Rxb7 56. Kh6 Kd6 57. g7 Rb8 58. Kh7 Ke6 59. g8Q+ Rxg8 60. Kxg8 Kf6 61. Kf8 Kg6 62. Ke7 Kh5 63. Ke6 Kxh4 64. Kxe5 Kh5 65. Kd6 1-0

[Event "Kavala op-A 33rd"]
[Site "Kavala"]
[Date "2024.08.04"]
[Round "8"]
[White "Poupalos, Nikolaos"]
[Black "Tarhan, Adar"]
[Result "0-1"]
[WhiteElo "2275"]
[BlackElo "2475"]
[PlyCount "54"]
[EventDate "2024.07.29"]
[EventType "swiss"]
[EventRounds "9"]
[EventCountry "GRE"]
[SourceTitle "EXT 2025"]
[Source "ChessBase"]
[SourceDate "2024.10.14"]
[SourceVersion "1"]
[SourceVersionDate "2024.10.14"]
[SourceQuality "1"]

1. e4 c5 2. Nf3 a6 3. c4 Nc6 4. Nc3 e5 5. g3 d6 6. Bg2 Be7 7. 0-0 h5 8. Nd5 h4 9. Nxe7 Ngxe7 10. Nxh4 g5 11. Nf5 Nxf5 12. exf5 Bxf5 13. d3 f6 14. f4 gxf4 15. gxf4 Qd7 16. fxe5 fxe5 17. Bg5 Bh3 18. Rf2 Bxg2 19. Rxg2 Nd4 20. Bf6 Rh7 21. Rg8+ Kf7 22. Rxa8 Qh3 23. Bh4 Rxh4 24. Qf1+ Nf3+ 25. Kf2 Qf5 26. Qg2 Rxh2 27. Rf1 Nh4+ 0-1

[Event "Titled Tuesday intern op 30th Jul Early"]
[Site "Chess.com INT"]
[Date "2024.07.30"]
[Round "8"]
[White "Balazs, Gabor1"]
[Black "Poupalos, Nikolaos"]
[Result "1-0"]
[WhiteElo "2369"]
[BlackElo "2295"]
[PlyCount "137"]
[EventDate "2024.07.30"]
[EventType "swiss (blitz)"]
[EventRounds "11"]
[EventCountry "USA"]
[SourceTitle "EXT 2025"]
[Source "ChessBase"]
[SourceDate "2024.10.14"]
[SourceVersion "1"]
[SourceVersionDate "2024.10.14"]
[SourceQuality "1"]

1. d4 Nf6 2. c4 e6 3. Nc3 Bb4 4. e3 0-0 5. Bd3 d5 6. Nf3 c5 7. 0-0 Nc6 8. a3 Bxc3 9. bxc3 cxd4 10. cxd4 dxc4 11. Bxc4 b6 12. a4 Bb7 13. Ba3 Re8 14. Qe2 Na5 15. Bb5 Bc6 16. Rac1 Qd5 17. Bxc6 Nxc6 18. Qb5 Qxb5 19. axb5 Na5 20. Bb4 Rab8 21. Ra1 Rb7 22. Ne5 Nd7 23. Nxd7 Rxd7 24. Bxa5 bxa5 25. Rxa5 Rb8 26. Rfa1 h6 27. Rxa7 Rxa7 28. Rxa7 Rxb5 29. g3 g6 30. h4 h5 31. Kg2 Kg7 32. Kf3 Kf6 33. Ke4 Rb2 34. Kf3 Rb5 35. Rc7 Rb3 36. Rc5 Rb2 37. Rc3 Rb5 38. e4 Rb2 39. Ke3 Ra2 40. Rb3 Rc2 41. Rb6 Rc3+ 42. Kf4 Kg7 43. d5 exd5 44. exd5 Rc1 45. Rb2 Kf6 46. Rd2 Ke7 47. Kg5 Rc5 48. f3 Ra5 49. Rd3 Rb5 50. g4 hxg4 51. fxg4 Kf8 52. Kf6 Ke8 53. h5 gxh5 54. gxh5 Rb4 55. d6 Rh4 56. Kg5 Rh2 57. d7+ Kd8 58. Rd6 Rh1 59. h6 Rh2 60. Rd5 Rh1 61. Rd4 Rh2 62. Rh4 Rg2+ 63. Kf6 Kxd7 64. h7 Rf2+ 65. Kg7 Ke7 66. h8Q Rg2+ 67. Kh7 f5 68. Qe5+ Kf7 69. Qd5+ 1-0

[Event "Titled Tuesday intern op 30th Jul Early"]
[Site "Chess.com INT"]
[Date "2024.07.30"]
[Round "1"]
[White "Grinev, Valeriy"]
[Black "Poupalos, Nikolaos"]
[Result "0-1"]
[WhiteElo "2422"]
[BlackElo "2295"]
[PlyCount "166"]
[EventDate "2024.07.30"]
[EventType "swiss (blitz)"]
[EventRounds "11"]
[EventCountry "USA"]
[SourceTitle "EXT 2025"]
[Source "ChessBase"]
[SourceDate "2024.10.14"]
[SourceVersion "1"]
[SourceVersionDate "2024.10.14"]
[SourceQuality "1"]

1. d4 Nf6 2. c4 e6 3. Nf3 d5 4. e3 dxc4 5. Bxc4 a6 6. 0-0 b5 7. Bd3 Bb7 8. Qe2 Nbd7 9. a4 b4 10. b3 c5 11. Bb2 Bd6 12. Nbd2 0-0 13. Nc4 Bb8 14. a5 Qc7 15. Nfe5 Nxe5 16. dxe5 Nd5 17. Nd6 Qe7 18. Nxb7 Qxb7 19. Rfc1 Rc8 20. f4 Rc6 21. Be4 Ba7 22. Rc4 Qd7 23. Rd1 Rd8 24. Qf3 Qc7 25. Bxd5 exd5 26. Rxd5 Rxd5 27. Qxd5 Re6 28. f5 Re8 29. e6 fxe6 30. fxe6 Qd8 31. e4 Qe7 32. Qe5 Bb8 33. Qf5 Qxe6 34. Qxe6+ Rxe6 35. Kf2 Rc6 36. Kf3 Bc7 37. h3 Bxa5 38. e5 Kf7 39. Ke4 Ke6 40. Rc2 Bd8 41. Bd4 Be7 42. Be3 a5 43. g4 a4 44. bxa4 c4 45. Bd4 b3 46. Rc1 Ba3 47. Rb1 c3 48. Rxb3 c2 49. Be3 c1Q 50. Bxc1 Bxc1 51. a5 Bd2 52. Rb6 Rxb6 53. axb6 Ba5 54. b7 Bc7 55. h4 Bxe5 56. h5 h6 57. Kf3 Bb8 58. Ke4 Kf6 59. Ke3 Kg5 60. Kf3 Bc7 61. Ke4 Kxg4 62. Kd5 Kxh5 63. Kc6 Bf4 64. Kd7 g5 65. Ke6 g4 66. Kf5 Bb8 67. Ke4 Kh4 68. Ke3 Kh3 69. Kf2 g3+ 70. Kg1 Ba7+ 71. Kf1 g2+ 72. Ke2 g1Q 73. Kd3 Qd4+ 74. Kc2 Kg4 75. Kb3 Bb8 76. Ka3 h5 77. Kb3 h4 78. Ka3 h3 79. Kb3 h2 80. Ka2 h1Q 81. Kb3 Qf3+ 82. Ka2 Qd2+ 83. Kb1 Qf1# 0-1

[Event "Kavala op-A 33rd"]
[Site "Kavala"]
[Date "2024.07.30"]
[Round "3"]
[White "Odabasi, Ruzgar"]
[Black "Poupalos, Nikolaos"]
[Result "1-0"]
[WhiteElo "2008"]
[BlackElo "2275"]
[PlyCount "105"]
[EventDate "2024.07.29"]
[EventType "swiss"]
[EventRounds "9"]
[EventCountry "GRE"]
[SourceTitle "EXT 2025"]
[Source "ChessBase"]
[SourceDate "2024.10.14"]
[SourceVersion "1"]
[SourceVersionDate "2024.10.14"]
[SourceQuality "1"]

1. d4 d5 2. c4 e6 3. Nc3 c6 4. cxd5 exd5 5. Qc2 g6 6. Bf4 Bd6 7. Bxd6 Qxd6 8. e3 Bf5 9. Bd3 Bxd3 10. Qxd3 Nf6 11. Nf3 0-0 12. 0-0 Nbd7 13. Rab1 Rfe8 14. b4 b5 15. a4 a6 16. a5 Ne4 17. Nd2 Nxd2 18. Qxd2 Nf6 19. Rfc1 h5 20. h3 Kg7 21. Qc2 Re6 22. Ne2 Ne4 23. Nf4 Rf6 24. Nd3 Qe7 25. f3 Nd6 26. Ne5 Nc4 27. Nxc4 dxc4 28. Qc3 Rd8 29. Re1 Rfd6 30. Rbd1 Kg8 31. Re2 Qa7 32. Red2 f5 33. Kh1 Re8 34. Re2 Rde6 35. Rde1 Qd7 36. e4 fxe4 37. fxe4 Rd8 38. Rd2 Qf7 39. e5 Qf4 40. Re3 Qh4 41. Kh2 Re7 42. g3 Qg5 43. Rf2 h4 44. Rf6 Kh7 45. Ref3 Red7 46. gxh4 Qxh4 47. R3f4 Qh5 48. Rg4 Rd5 49. Qe3 R5d7 50. Kg3 Kg7 51. Qe4 g5 52. Qf5 Kh8 53. Rf8+ 1-0

[Event "Titled Tuesday intern op 30th Jul Late"]
[Site "Chess.com INT"]
[Date "2024.07.30"]
[Round "1"]
[White "Pinheiro, Iung Alicio"]
[Black "Poupalos, Nikolaos"]
[Result "1-0"]
[WhiteElo "2270"]
[BlackElo "2295"]
[PlyCount "81"]
[EventDate "2024.07.30"]
[EventType "swiss (blitz)"]
[EventRounds "11"]
[EventCountry "USA"]
[SourceTitle "EXT 2025"]
[Source "ChessBase"]
[SourceDate "2024.10.14"]
[SourceVersion "1"]
[SourceVersionDate "2024.10.14"]
[SourceQuality "1"]

1. e4 c5 2. Nc3 d6 3. f4 Nf6 4. Nf3 Nc6 5. Bb5 Bd7 6. Bxc6 Bxc6 7. d3 g6 8. 0-0 Bg7 9. Qe1 0-0 10. Qh4 e6 11. f5 exf5 12. exf5 Nd5 13. Bg5 f6 14. Bd2 Nxc3 15. Bxc3 g5 16. Qc4+ Kh8 17. h4 g4 18. Qxg4 d5 19. d4 c4 20. Rae1 Re8 21. Ng5 fxg5 22. hxg5 Bd7 23. Qf4 Qb8 24. Re5 b5 25. f6 Bf8 26. g6 hxg6 27. Qh4+ Kg8 28. f7+ Kg7 29. Qf6+ Kh7 30. Rf4 Rxe5 31. dxe5 Qb6+ 32. Kf1 Qxf6 33. Rxf6 Bg7 34. Rd6 Bf5 35. e6 Bf8 36. Rc6 Rd8 37. Bf6 Rd6 38. Rxd6 Bxd6 39. e7 Bxe7 40. Bxe7 Be6 41. f8Q 1-0

[Event "Titled Tuesday intern op 30th Jul Early"]
[Site "Chess.com INT"]
[Date "2024.07.30"]
[Round "3"]
[White "Poupalos, Nikolaos"]
[Black "Ibadov, Dashgyn"]
[Result "0-1"]
[WhiteElo "2295"]
[BlackElo "2337"]
[PlyCount "64"]
[EventDate "2024.07.30"]
[EventType "swiss (blitz)"]
[EventRounds "11"]
[EventCountry "USA"]
[SourceTitle "EXT 2025"]
[Source "ChessBase"]
[SourceDate "2024.10.14"]
[SourceVersion "1"]
[SourceVersionDate "2024.10.14"]
[SourceQuality "1"]

1. e4 e6 2. d4 d5 3. Nc3 Nf6 4. e5 Nfd7 5. f4 c5 6. Nf3 Nc6 7. Be3 cxd4 8. Nxd4 Bc5 9. Qd2 0-0 10. 0-0-0 a6 11. Qf2 Bb4 12. Bd3 Qe7 13. h4 Nxd4 14. Bxd4 b5 15. h5 Bb7 16. f5 exf5 17. Qg3 Nc5 18. Bxf5 Ne6 19. Rdf1 Nxd4 20. Bd3 Bxc3 21. bxc3 Ne6 22. Rf6 Kh8 23. Rf5 Rac8 24. h6 g6 25. Rf6 Rxc3 26. Rhf1 Nc5 27. Kd2 Ne4+ 28. Bxe4 Rxg3 29. e6 dxe4 30. Rxf7 Rxf7 31. Rxf7 Qxe6 32. Rxb7 Qd5+ 0-1

[Event "Titled Tuesday intern op 30th Jul Early"]
[Site "Chess.com INT"]
[Date "2024.07.30"]
[Round "6"]
[White "Poupalos, Nikolaos"]
[Black "Lehtosaari, Mauri"]
[Result "1/2-1/2"]
[WhiteElo "2295"]
[BlackElo "2149"]
[PlyCount "243"]
[EventDate "2024.07.30"]
[EventType "swiss (blitz)"]
[EventRounds "11"]
[EventCountry "USA"]
[SourceTitle "EXT 2025"]
[Source "ChessBase"]
[SourceDate "2024.10.14"]
[SourceVersion "1"]
[SourceVersionDate "2024.10.14"]
[SourceQuality "1"]

1. e4 c5 2. Nf3 e6 3. d4 cxd4 4. Nxd4 Qb6 5. Nb3 Qc7 6. Nc3 a6 7. Be3 b5 8. Bd3 Bb7 9. 0-0 Nf6 10. f4 h5 11. e5 Ng4 12. Qd2 Nxe3 13. Qxe3 Nc6 14. Kh1 h4 15. h3 Ne7 16. Be4 Bxe4 17. Nxe4 Nf5 18. Qd3 Rd8 19. Rad1 Be7 20. Nd4 Nxd4 21. Qxd4 Qxc2 22. f5 Qc4 23. Qe3 exf5 24. Rxf5 Qe6 25. Rdf1 Rf8 26. Qf4 Rc8 27. Nd6+ Bxd6 28. exd6 f6 29. Qxh4 Qxd6 30. R5f2 Rc4 31. Qh5+ Kd8 32. Qg6 Qe7 33. b3 Rc6 34. a4 b4 35. Qg4 g5 36. Qd4 Qd6 37. Qe4 Re8 38. Qg6 Re6 39. Qg8+ Re8 40. Qg7 Re7 41. Qf8+ Re8 42. Qxf6+ Qxf6 43. Rxf6 Rxf6 44. Rxf6 Re3 45. Rxa6 Rxb3 46. Rb6 Ke7 47. a5 Ra3 48. Rxb4 Rxa5 49. Kg1 Kf6 50. Kf2 Ra2+ 51. Kf3 d5 52. Rb8 Kf5 53. Rf8+ Ke5 54. Rg8 Kf5 55. Rf8+ Ke5 56. Re8+ Kf5 57. g4+ Kf6 58. Rf8+ Ke6 59. Rf5 Ra3+ 60. Kg2 Ra2+ 61. Kf1 Ra1+ 62. Ke2 Ra2+ 63. Kd3 Ra3+ 64. Kd4 Rxh3 65. Rxg5 Rg3 66. Rg8 Rg1 67. Rg6+ Kf7 68. Rg5 Kf6 69. Rf5+ Ke6 70. Re5+ Kf6 71. Rxd5 Rxg4+ 72. Kd3 Rg3+ 73. Ke4 Rg4+ 74. Kf3 Ra4 75. Rb5 Rc4 76. Ke3 Ra4 77. Kf3 Rc4 78. Rb7 Rc3+ 79. Ke4 Rc4+ 80. Kd5 Ra4 81. Rb6+ Kf5 82. Rb5 Re4 83. Kd6+ Kf4 84. Rh5 Rd4+ 85. Ke6 Re4+ 86. Kf6 Ke3 87. Rh3+ Kd4 88. Kf5 Re5+ 89. Kf6 Re4 90. Ra3 Rf4+ 91. Ke6 Re4+ 92. Kd6 Re1 93. Ra4+ Ke3 94. Kd5 Rd1+ 95. Ke5 Rd8 96. Ra3+ Kd2 97. Ke4 Re8+ 98. Kf3 Rf8+ 99. Ke4 Re8+ 100. Kd5 Rd8+ 101. Ke6 Re8+ 102. Kd7 Re3 103. Ra4 Rd3+ 104. Kc6 Rc3+ 105. Kb5 Rd3 106. Kc4 Rc3+ 107. Kd4 Rd3+ 108. Ke4 Re3+ 109. Kf4 Rd3 110. Ra2+ Kc3 111. Ra7 Rd4+ 112. Ke3 Rd3+ 113. Ke4 Rd4+ 114. Ke5 Rd3 115. Rc7+ Kd2 116. Kf4 Rd4+ 117. Ke5 Rd3 118. Rc4 Re3+ 119. Kf4 Rd3 120. Re4 Kc3 121. Re3 Rxe3 122. Kxe3 1/2-1/2

[Event "Paleochora op 17th"]
[Site "Paleochora"]
[Date "2024.07.20"]
[Round "1"]
[White "Poupalos, Nikolaos"]
[Black "Iasman, Inna"]
[Result "1-0"]
[WhiteElo "2295"]
[BlackElo "1899"]
[PlyCount "79"]
[EventDate "2024.07.20"]
[EventType "swiss"]
[EventRounds "9"]
[EventCountry "GRE"]
[SourceTitle "CBM 221 Extra"]
[Source "ChessBase"]
[SourceDate "2024.09.30"]
[SourceVersion "1"]
[SourceVersionDate "2024.09.30"]
[SourceQuality "1"]

1. e4 c6 2. d4 d5 3. e5 c5 4. Nf3 Nc6 5. dxc5 Bg4 6. Bb5 Qa5+ 7. Nc3 e6 8. Bd2 Qc7 9. b4 Bxf3 10. Qxf3 Qxe5+ 11. Qe2 Qxe2+ 12. Nxe2 a6 13. Ba4 Nge7 14. 0-0 Nf5 15. g4 Nh4 16. Nd4 Rc8 17. f4 Be7 18. f5 0-0 19. Bxc6 bxc6 20. Rae1 Bf6 21. c3 exf5 22. gxf5 Bxd4+ 23. cxd4 g6 24. f6 Rfe8 25. a4 Nf5 26. Bc3 Re6 27. Re5 Rxf6 28. b5 axb5 29. axb5 cxb5 30. Rb1 Nh4 31. Rxd5 Re8 32. Rd7 Rf3 33. Be1 Nf5 34. c6 Ne7 35. c7 Nc8 36. Rd8 Rfe3 37. Bd2 R3e6 38. Re1 Rxe1+ 39. Bxe1 Kf8 40. Bb4+ 1-0

[Event "Titled Tuesday intern op 16th Jul Late"]
[Site "Chess.com INT"]
[Date "2024.07.16"]
[Round "7"]
[White "Horcajuelo Rocamora, Martin"]
[Black "Poupalos, Nikolaos"]
[Result "1-0"]
[WhiteElo "2263"]
[BlackElo "2295"]
[PlyCount "83"]
[EventDate "2024.07.16"]
[EventType "swiss (blitz)"]
[EventRounds "11"]
[EventCountry "USA"]
[SourceTitle "EXT 2025"]
[Source "ChessBase"]
[SourceDate "2024.10.14"]
[SourceVersion "1"]
[SourceVersionDate "2024.10.14"]
[SourceQuality "1"]

1. e4 c5 2. Nf3 d6 3. d4 cxd4 4. Nxd4 Nf6 5. Nc3 a6 6. h4 e5 7. Nb3 Be7 8. Be2 Be6 9. g4 d5 10. g5 Nxe4 11. Nxe4 dxe4 12. Qxd8+ Bxd8 13. Be3 Nd7 14. Nd2 Bd5 15. 0-0-0 Bc6 16. Nc4 Bc7 17. Bg4 Rd8 18. Rd2 0-0 19. Rhd1 f5 20. gxf6 Nxf6 21. Be6+ Kh8 22. Nd6 Bxd6 23. Rxd6 Rxd6 24. Rxd6 Re8 25. c3 g6 26. Bf7 Rf8 27. Rxf6 Kg7 28. Rxc6 bxc6 29. Bc4 Ra8 30. Bf1 Kf6 31. Bg5+ Ke6 32. Kc2 Rf8 33. Be3 Ra8 34. b4 a5 35. Kb3 axb4 36. cxb4 Kd6 37. a4 Kc7 38. Bg2 Rf8 39. Bxe4 Rd8 40. a5 Rd1 41. Bb6+ Kb7 42. b5 1-0